000 00475nam a2200181Ia 4500
001 8811
005 20260306160637.0
008 260306t2005||||xx |||||||||||||| ||spa||
041 _aESP
082 _a371.39
_bP58
100 _aPimienta Prieto, Julio Herminio
_eAUT
245 0 _aMetodología constructivista:
_bguía para la planeación docente
260 _c2005
300 _aix, 164 páginas :
_c27 cm.
650 _aGEN
654 _aCED
942 _cLIB
_dJUS
_fJUS
_2ddc
_n
999 _c8811
_d8811